| 000 | 00356nam a22001451a 4500 | ||
|---|---|---|---|
| 082 |
_aT 781.680 954 87 _bSAM/S |
||
| 100 | _aSambamurthy P | ||
| 245 |
_aSree Muttayya Bhagavathar keerthanangal/ _cby Sambamurthy P |
||
| 260 |
_aChennai: _bN k Gopalan, _c1998. |
||
| 300 | _a104p. | ||
| 650 | _aKirtanas | ||
| 650 | _aMusic | ||
| 650 | _aArts | ||
| 942 | _cBK | ||
| 999 |
_c43458 _d43458 |
||